[Event "Landesliga Sued 1920"]
[White "Kempter, Klaus"]
[Black "Kuhn, Hubert"]
[Site "Bayern"]
[Round "2.7"]
[Result "0-1"]
[Date "2019.11.10"]
[WhiteElo "1948"]
[BlackElo "2038"]
[PlyCount "52"]
[EventDate "2019.09.29"]
[EventType "team-tourn"]
[EventRounds "9"]
[EventCountry "GER"]
[SourceTitle "EXT 2021"]
[Source "ChessBase"]
[SourceDate "2020.10.23"]
[SourceVersion "1"]
[SourceVersionDate "2020.10.23"]
[SourceQuality "1"]
[WhiteTeam "Freising"]
[BlackTeam "MSA Zugzwang II"]
[WhiteTeamCountry "GER"]
[BlackTeamCountry "GER"]

1. d4 Nf6 2. c4 e6 3. Nf3 b6 4. a3 Bb7 5. Nc3 d5 6. cxd5 exd5 7. Bg5 Be7 8. e3 0-0 9. Be2 Nbd7 10. 0-0 c5 11. dxc5 bxc5 12. Qc2 Qb6 13. Rfd1 Rfd8 14. Rd2 Rac8 15. Qd1 Qe6 16. Ne1 Ne5 17. Qb3 Rb8 18. Rad1 Ba6 19. Qa2 Nc4 20. Bxf6 Bxf6 21. Rxd5 Rxd5 22. Rxd5 Rxb2 23. Qa1 Rxe2 24. Nxe2 Qxd5 25. Nf4 Bxa1 26. Nxd5 Nxa3 0-1

[Event "Regionalliga SO 0304"]
[White "Kempter, Klaus"]
[Black "Wilhelm, Michael"]
[Site "Bayern"]
[Round "2.8"]
[Result "1/2-1/2"]
[Date "2003.11.02"]
[WhiteElo "1970"]
[BlackElo "1815"]
[PlyCount "85"]
[EventDate "2003.10.??"]
[EventType "team-tourn"]
[EventRounds "9"]
[EventCountry "GER"]
[SourceTitle "EXT 2006"]
[Source "ChessBase"]
[SourceDate "2005.11.24"]
[SourceVersion "1"]
[SourceVersionDate "2005.11.24"]
[SourceQuality "1"]
[WhiteTeam "Freising"]
[BlackTeam "Fuerstenfeldbruck"]
[WhiteTeamCountry "GER"]
[BlackTeamCountry "GER"]

1. d4 d5 2. c4 Nc6 3. cxd5 Qxd5 4. Nf3 e5 5. Nc3 Bb4 6. Bd2 Bxc3 7. Bxc3 e4 8. Nd2 Nf6 9. e3 0-0 10. Qb3 Qg5 11. h4 Qg4 12. g3 Qh5 13. Qb5 Qxb5 14. Bxb5 Bg4 15. Rc1 Bd7 16. Be2 Rfe8 17. h5 Ne7 18. Bb4 Ned5 19. Ba3 Rac8 20. Rh4 g5 21. hxg6 hxg6 22. Bc4 c6 23. Bc5 Kg7 24. Kf1 Rh8 25. Rxh8 Rxh8 26. Kg1 Bf5 27. Bf1 Ng4 28. Bg2 Ngf6 29. Bd6 Re8 30. a3 Nd7 31. g4 Bxg4 32. Nxe4 Bf5 33. Nc3 Nxc3 34. Rxc3 Nb6 35. b4 Nc8 36. Bg3 Re7 37. d5 cxd5 38. Bxd5 Nb6 39. Bf3 f6 40. Rc5 Rd7 41. Ra5 a6 42. Rc5 Na4 43. Rc8 1/2-1/2

[Event "Klatovy op-A"]
[White "Kempter, Klaus"]
[Black "Boleslav, Petr"]
[Site "Klatovy"]
[Round "?"]
[Result "0-1"]
[Date "2002.??.??"]
[WhiteElo "1990"]
[BlackElo "1905"]
[PlyCount "118"]
[EventDate "2002.??.??"]
[EventType "swiss"]
[EventRounds "9"]
[EventCountry "CZE"]
[SourceTitle "EXT 2005"]
[Source "ChessBase"]
[SourceDate "2004.11.15"]
[SourceVersion "1"]
[SourceVersionDate "2004.11.15"]
[SourceQuality "1"]

1. d4 d5 2. c4 e5 3. dxe5 d4 4. Nf3 Nc6 5. g3 Bg4 6. Bg2 Qd7 7. 0-0 Nge7 8. Nbd2 Ng6 9. b3 h5 10. h4 0-0-0 11. Bb2 Be7 12. Ne4 f6 13. exf6 gxf6 14. b4 d3 15. Qxd3 Qxd3 16. exd3 Rxd3 17. b5 Nce5 18. Nxe5 Nxe5 19. Bxe5 fxe5 20. Rac1 Ra3 21. Rc2 Be6 22. Re1 Bf5 23. Kh2 Rf8 24. Bh3 Bxh3 25. Kxh3 Raf3 26. Kg2 Bb4 27. Rb1 Be7 28. Rd1 Ra3 29. Rd5 Rf5 30. c5 c6 31. bxc6 bxc6 32. Rd6 Kc7 33. Rh6 Rd3 34. Rh7 Kd7 35. Rb2 Ke6 36. Rb7 Kd5 37. Rd7+ Kxe4 38. Rxd3 Kxd3 39. Rxe7 Kd4 40. f3 Rf6 41. Rxa7 Kxc5 42. Rh7 Kd4 43. Rxh5 c5 44. Rh8 c4 45. Rc8 c3 46. g4 Kd3 47. g5 Rg6 48. Kg3 c2 49. Kg4 Ra6 50. h5 Ra4+ 51. Kf5 Rc4 52. Rxc4 Kxc4 53. g6 c1Q 54. g7 Qc2+ 55. Kf6 Qh7 56. Kf7 Qxh5+ 57. Kf8 Qxf3+ 58. Ke7 Qg3 59. Kf7 e4 0-1

[Event "Klatovy op-A"]
[White "Koubek, Vaclav1"]
[Black "Kempter, Klaus"]
[Site "Klatovy"]
[Round "?"]
[Result "1-0"]
[Date "2002.??.??"]
[WhiteElo "2160"]
[BlackElo "1990"]
[PlyCount "89"]
[EventDate "2002.??.??"]
[EventType "swiss"]
[EventRounds "9"]
[EventCountry "CZE"]
[SourceTitle "EXT 2005"]
[Source "ChessBase"]
[SourceDate "2004.11.15"]
[SourceVersion "1"]
[SourceVersionDate "2004.11.15"]
[SourceQuality "1"]

1. e4 c6 2. d4 d5 3. e5 Bf5 4. Nc3 e6 5. g4 Bg6 6. Nge2 Ne7 7. Be3 Nd7 8. Bg2 c5 9. f4 cxd4 10. Nxd4 Nc6 11. 0-0 Nxd4 12. Bxd4 h6 13. Qf3 Be4 14. Nxe4 dxe4 15. Qxe4 Bc5 16. Rad1 Qb6 17. Bxc5 Nxc5 18. Qd4 Rd8 19. Qxd8+ Qxd8 20. Rxd8+ Kxd8 21. Kf2 b6 22. Ke3 Ke7 23. Rd1 Rc8 24. c4 Rc7 25. b3 f6 26. exf6+ gxf6 27. h4 Nd7 28. Be4 e5 29. Bf5 exf4+ 30. Kxf4 Nf8 31. Rd5 Kf7 32. a4 Ng6+ 33. Bxg6+ Kxg6 34. Rd6 Kf7 35. Kf5 Rc5+ 36. Rd5 Rc7 37. a5 Ke7 38. axb6 axb6 39. Kg6 Rc6 40. Rf5 Re6 41. Kxh6 Re4 42. Kh5 Re3 43. Rb5 Re5+ 44. Rxe5+ fxe5 45. Kg5 1-0